Handelingen Regionaal Colloquium Neerlandicum, Wrocław 1993

Titel: Handelingen Regionaal Colloquium Neerlandicum, Wrocław 1993 / onder red. van Stanisław Pre̜dota
Beteiligt:
Körperschaft:
Veröffentlicht: Wrocław : Wydawn. Uniw. Wrocławskiego, 1994
Umfang: 350 Seiten
Format: Buch
Sprache: Niederländisch
Schriftenreihe/
mehrbändiges Werk:
Acta Universitatis Wratislaviensis ; 1651
Schlagworte:
ISBN: 8322912137
Buchumschlag
X
Lokale Klassifikation: 57 Niederlande
alg: 4893128
001A    $03004:22-07-96 
001B    $06055:14-03-26 $t20:37:37.000 
001D    $09999:99-99-99 
001U    $0utf8 
001X    $00 
002@    $0Aau 
002C    $aText $btxt $2rdacontent 
002D    $aohne Hilfsmittel zu benutzen $bn $2rdamedia 
002E    $aBand $bnc $2rdacarrier 
003@    $0048931284 
003O    $033104732 $aOCoLC 
004A    $083-229-1213-7 
007A    $0048931284 $aHEB 
007T    $0Herdhh048931284 
009P    $qapplication/pdf $A2 $3Inhaltsverzeichnis $uhttps://scans.hebis.de/HEBCGI/show.pl?04893128_toc.pdf $mV:DE-605;X:Imageware 
010@    $adut 
011@    $a1994 
013D    $RWissenschaftliche Literatur $RAufsatzsammlung $#Konferenzbericht $71071861417 $8Konferenzschrift [Tsz] $9359646190 $y1993 $zBreslau 
021A    $aHandelingen Regionaal Colloquium Neerlandicum, Wrocław 1993 $honder red. van Stanisław Pre̜dota 
027A    $aHandelingen Regionaal Colloquium Neerlandicum, Wrocław 1993 
028C    $BHerausgeber $#Prędota, Stanislaus $#Prędota, Stanisław Paweł $4edt $7129302163 $8Prędota, Stanisław$Z1944-2021 [Tp1] $9159653525 
029A    $#Colloquium Neerlandicum, Breslau 1993 $71233525-3 $8Regionaal Colloquium Neerlandicum$d1993$cBreslau [Tf1] $9049873237 
033A    $pWrocław $nWydawn. Uniw. Wrocławskiego 
034D    $a350 Seiten 
036E    $aActa Universitatis Wratislaviensis $l1651 
036F    $x41651 $8Acta Universitatis Wratislaviensis $9028908538 $l1651 
037A    $aLiteraturangaben 
044K    $RPhilologie $RNiederländisch $#Dutch philology $#Philologie néerlandaise $#Niederländische Philologie $D20251120 $Ecgmnf $74283850-2 $8Niederlandistik [Ts1] $9086533002 
044K    $RSüdgermanische Sprachen $#Dutch language $#Néerlandais (langue) $#Lingua neerlandese $#Lengua holandesa $#Niederländisch $#Neuniederländisch $#Holländisch Standardsprache $#Niederländische Sprache $#Westniederfränkisch $D20251120 $Ecgmnf $74122614-8 $8Niederländisch [Ts1] $9085401633 

lok: 4893128 24
101B    $026-10-09 $t12:32:20.000 
101C    $022-07-96 
101U    $0utf8 
145Z/01 $a57 Niederlande 

exp: 4893128 24 1 #EPN
201B/01 $018-12-02 $t18:13:11.078 
201C/01 $022-07-96 
203@/01 $010343013X 
208@/01 $a22-07-96 $bz 
209A/01 $a96.1914 $du $f050 $h96 1914 $x00 
209C/01 $a96.1914 T $h96 1914 T 
209G/01 $a70022559 $x00 
247C/01 $8358050-7 Marburg, Bibliothek des Herder-Instituts Marburg $9102600961 
201U/01 $0utf8 

lok: 4893128 78

exp: 4893128 78 1 #EPN
201B/01 $019-04-17 $t17:59:31.000 
201U/01 $0utf8 
203@/01 $079314194X 
208@/01 $a12-11-16 $be 
209A/01 $a/ $f000 $x00 
237A/01 $aweiterführende Signatur(en): Herder-Institut: 96.1914 
247C/01 $82080>Marburg/Lahn, Herder-Institut, Forschungsbibliothek, Bibliographieportal $9336309341
LEADER 00000cam a2200000 c 4500
001 048931284
003 DE-603
005 20260314203737.0
007 tu
008 960722s1994 xx |||| | u10||u|dut c
020 |a 8322912137 
035 |a (DE-599)HEB048931284 
035 |a (OCoLC)33104732 
040 |a DE-603  |b ger  |c DE-603  |d DE-603 
041 |a dut 
111 2 |a Regionaal Colloquium Neerlandicum  |d 1993  |c Breslau  |0 (DE-603)049873237  |0 (DE-588)1233525-3  |2 gnd 
245 0 0 |a Handelingen Regionaal Colloquium Neerlandicum, Wrocław 1993  |c onder red. van Stanisław Pre̜dota 
246 1 3 |a Handelingen Regionaal Colloquium Neerlandicum, Wrocław 1993 
264 1 |a Wrocław  |b Wydawn. Uniw. Wrocławskiego  |c 1994 
300 |a 350 Seiten 
336 |a Text  |b txt  |2 rdacontent 
337 |a ohne Hilfsmittel zu benutzen  |b n  |2 rdamedia 
338 |a Band  |b nc  |2 rdacarrier 
490 1 |a Acta Universitatis Wratislaviensis  |v 1651 
500 |a Literaturangaben 
650 7 |a Niederlandistik  |0 (DE-588)4283850-2  |0 (DE-603)086533002  |2 gnd 
650 7 |a Niederländisch  |0 (DE-588)4122614-8  |0 (DE-603)085401633  |2 gnd 
655 7 |a Konferenzschrift  |y 1993  |z Breslau  |2 gnd-content  |0 (DE-588)1071861417  |0 (DE-603)359646190 
700 1 |a Prędota, Stanisław  |d 1944-2021  |e Herausgeber  |4 edt  |0 (DE-603)159653525  |0 (DE-588)129302163  |2 gnd 
810 2 2 |a Uniwersytet Wrocławski  |t Acta Universitatis Wratislaviensis  |v 1651  |w (DE-603)028908538  |w (DE-600)1179289-9  |9 41651  |7 as 
856 4 2 |m V:DE-605;X:Imageware  |q application/pdf  |u https://scans.hebis.de/HEBCGI/show.pl?04893128_toc.pdf  |3 Inhaltsverzeichnis 
924 0 |9 Mb 50  |a (DE-603)10343013X  |b DE-Mb50  |c HES  |d c  |g 96.1914 
924 0 |9 2080  |a (DE-603)79314194X  |b DE-2080  |c HES  |d d  |g /